00939nam a22002537a 45000010005000000030006000050050017000110080041000280200018000690400029000870500014001160820008001301000020001382450073001582500058002312600054002893000049003435050008003925200187004005210024005875210020006116500027006317000027006584955FISKH20241028140608.0241028b cb ||||| |||| 00| 0 eng d a9781405358040 aFISKHbengcFISKHdFISKH aQD466.W56 a546 aWinston, Robert aIt's Elementary!: How chemistry rocks our world /cby Robert Winston aFirst published in hardback in Great Britain in 2007  aLondon : bDorling Kindersley Limited ;c2007 .  a95 pages : bcolor illustrations ;c28 cm .  aZ  aA comprehensive look at the elements describes the history of how they were discovered, what they are made of, their properties, where they are found, and their various applications.8 a1040 bLexile IG 8 aZ bRaz-Plus  achemistryvnon-fiction aLock, Deboraheeditor